| 000 | 00819nam a2200205 i 4500 | ||
|---|---|---|---|
| 003 | IT-RoINE | ||
| 005 | 20190919084448.0 | ||
| 008 | 121019s2012 sp ae |r|||| ||0||dspa|d | ||
| 040 |
_aSpMaBN _cSpMaBN IT-RoINE _dIT-RoINE |
||
| 100 | 1 |
_913334 _aAparicio Ahedo, Óscar I., _cO.C.D., _d1970- |
|
| 245 | 1 | 4 |
_aLas iglesias de la Comarca del Bajo Arlanza : _bla iglesia parroquial de Villahoz / _cÓscar I. Aparicio Ahedo, OCD. |
| 260 |
_a[Villahoz, Burgos] : _bParroquia de Villahoz, _cD.L. 2012. |
||
| 300 |
_a63 p. : _bil. col., planos ; _c23 cm. |
||
| 336 |
_2rdacontent _atext |
||
| 337 |
_2rdamedia _aunmediated |
||
| 338 |
_2rdacarrier _avolume |
||
| 610 | 2 | 4 |
_aIglesia de Nuestra Señora de la Asunción (Villahoz, España) _928369 |
| 651 | 4 |
_aVillahoz (España) _xEdificios, estructuras, etc. _928370 |
|
| 942 | _cMTS | ||
| 999 |
_c14022 _d14022 |
||